00928nam a2200217 a 450000100100000000500170001000800410002702000150006804000250008304100130010808200150012110000400013624000820017624501580025826000370041630000260045350000700047970000310054995201130058099900170069300004245920201002040154.0131203s1985 sp 000 0 spa d a8432245526 aDO-SdBNPbspacBNPHU17aspaheng axxxbM419a1 aMasson, J. Moussaieffd1941-96962510aThe assault on truth (Freud's suppression of the seduction theory)lEspañol13aEl asalto a la verdad :bla renuncia de Freud a la teoría de la seducción /cJeffrey Moussaieff Masson ; traducción del inglés por Jaime Zulaika. aBarcelona :bSeix Barral,c1985. a291, [4] p. ;c20 cm. aIncluye datos biográficos del autor en la solapa de la cubierta12aZulaika, Jaimeetr.969626 001050718MOaGRbGRcCTd2013-12-03iLF1l0oxxx M419ap42459-10r2020-06-25w2020-06-25y1ZNo se presta c41948d41948